[Event "33. Seebach-Open"]
[Site "Grossenseebach"]
[Date "2024.06.02"]
[Round "7.70"]
[White "Homfeldt, Maren"]
[Black "Jain, Vihaan"]
[Result "0-1"]
[WhiteElo "871"]
[BlackElo "981"]
[PlyCount "38"]
[EventDate "2024.??.??"]
[WhiteTeam "SC Noris-Tarrasch Nürnberg 1873"]
[BlackTeam "SK 1911 Herzogenaurach e.V."]

1. e3 d5 2. Ne2 e5 3. f3 Nf6 4. d4 e4 5. f4 Bb4+ 6. c3 Bd6 7. b4 a6 8. Qa4+ Bd7
9. Qa5 Nc6 10. Qa3 a5 11. Qb3 axb4 12. Bd2 Na5 13. Qc2 Nc4 14. cxb4 Ba4 15. Qc3
Ng4 16. Ng3 g6 17. Bxc4 dxc4 18. Qxc4 Qh4 19. O-O Qxh2# 0-1